| 000 | 01369nam a22001817a 4500 | ||
|---|---|---|---|
| 008 | 140715b xxu||||| |||| 00| 0 eng d | ||
| 020 | _a0072909323 | ||
| 050 | _aGE105.C86 | ||
| 100 | _aCunningham, William P. | ||
| 245 |
_aEnvironmental science: A global concern. / _cWilliam P. Cunningham |
||
| 250 | _a6th ed. | ||
| 260 |
_aNew York: _bMcGraw Hill, _c2001. |
||
| 300 |
_axix,646p.: _bill.; _c26cm. |
||
| 500 | _aIncludes index. | ||
| 505 | _aContents: Environmental science and ecological principles: Understanding our environment -- Environmental ethics and philosophy -- Matter, energy and life -- Biological communities and species interaction -- Biomes, landscapes, restoration and management -- Population, economics, policy and health: Population dynamics -- Human populations -- Ecological economics -- Environmental health and toxicology -- Food, land and biological resources: Environmental policy, law and planning -- Food and agriculture -- Pest control -- Biodiversity -- Land use: Forests and rangelands -- Preserving nature -- Physical resources: Environmental geology -- Air, climate and wheather -- Air pollution -- Conventional energy -- Sustainable energy -- Society and the environment: Solid, toxic and hazardous waste -- Urbanization and sustainable cities -- What then shall we do. | ||
| 700 | _aSaigo, Woodworth Barbara. | ||
| 942 |
_2lcc _cBK |
||
| 999 |
_c3139 _d10639 |
||